| 000 | 00666nam a2200205 u 4500 | ||
|---|---|---|---|
| 005 | 20240702063810.0 | ||
| 008 | 090331s2000 r 000 0 eng d | ||
| 020 | _a8446013614 | ||
| 035 | _aUPN01000170176 | ||
| 049 | _aCG | ||
| 050 | 4 |
_aMT58 _bH6.2 |
|
| 100 | 1 | _aHoward, John | |
| 245 | 1 | 0 |
_aAprendiendo a componer / _cJohn Howard ; tr. Ruth Prieto Merchero. |
| 260 |
_aMadrid : _bAkal, _cc2000. |
||
| 300 |
_a96 p. : _bil. + _e1 disco compacto (Música) (40 min.) : digital, estéreo ; 4 3/4 plg. |
||
| 440 | 0 |
_aAkal. _pEntorno musical ; _v6 |
|
| 534 |
_pTraducción de: _tLearning to compose |
||
| 650 | 4 |
_aMúsica _xEstudio y enseñanza _9174 |
|
| 905 | _aLibro | ||
| 999 |
_c142282 _d142282 |
||